| 000 | 00842nam a2200217 a 4500 | ||
|---|---|---|---|
| 001 | 000030585 | ||
| 005 | 20200930062407.0 | ||
| 008 | 110524s1959 dr a 000 | spa d | ||
| 040 |
_aDO-SdBNP _bspa _cBNPHU |
||
| 082 |
_a324.27293053 _bU76f |
||
| 100 | 1 |
_aUribe, Max, _d1900 -1996 _99495 |
|
| 245 | 1 | 0 |
_aFunción del Partido Dominicano en la Era de Trujillo / _cMax Uribe. |
| 246 | 1 | 3 | _aEl Partido Dominicano |
| 260 |
_aCiudad Trujillo, República Dominicana : _bImpresora Dominicana, _c1959. |
||
| 300 |
_a258p. : _bil. ; _c21 cm. |
||
| 590 | _aInventariado, 2018/VM | ||
| 610 | 2 | 4 |
_aPARTIDO DOMINICANO _914584 |
| 650 | 4 |
_aPartidos políticos _zRepública Dominicana _yERA DE TRUJILLO, 1930-1961 _957190 |
|
| 651 | 4 |
_aRepública Dominicana _xPolítica Y Gobierno _yERA DE TRUJILLO, 1930-1961 _91374 |
|
| 910 | _aValidado. Control de calidad MFF | ||
| 999 |
_c30077 _d30077 |
||